000 00391nam a2200157Ia 4500
008 230524s9999 xx 000 0 und d
082 _a621.4021
_bLAK
100 _aK.R.Lakshminarayanan
245 0 _aEnglish for Technical Communication
250 _a1ST
260 _aNEW DELHI
_bScitech
_c2005
300 _a240+159
500 _aQuantity Number: 7
650 _aEnglish
942 _cBK
999 _c12451
_d12451